[Event "CZE Czechia-ch U14"]
[Site "Harrachov"]
[Date "2009.10.27"]
[Round "5"]
[White "Studnicka, Patrik"]
[Black "Vaclavicek, Lukas"]
[Result "1/2-1/2"]
[WhiteElo "1492"]
[BlackElo "1630"]
[PlyCount "139"]
[EventDate "2009.10.24"]
[EventType "swiss"]
[EventRounds "9"]
[EventCountry "CZE"]
[SourceTitle "EXT 2012"]
[Source "ChessBase"]
[SourceDate "2011.11.24"]
[SourceVersion "1"]
[SourceVersionDate "2011.11.24"]
[SourceQuality "1"]

1. e4 c5 2. Nf3 d6 3. Bb5+ Bd7 4. Bxd7+ Qxd7 5. 0-0 Nc6 6. Re1 e6 7. c3 Be7 8. d4 cxd4 9. cxd4 Nf6 10. Nc3 0-0 11. Be3 Rfd8 12. d5 Ne5 13. dxe6 Nxf3+ 14. Qxf3 Qxe6 15. Nd5 Nxd5 16. exd5 Qd7 17. Rac1 Bf6 18. b3 a6 19. Rc4 Rac8 20. Rec1 Re8 21. Qd1 h6 22. Qe2 Rxc4 23. Qxc4 Re7 24. Qc8+ Qxc8 25. Rxc8+ Kh7 26. g3 Kg6 27. Bf4 Rd7 28. Kg2 Kf5 29. Rc4 Bg5 30. Bxg5 hxg5 31. f4 gxf4 32. gxf4 g5 33. fxg5 Kxg5 34. Kf3 Kf5 35. Re4 Rc7 36. Rc4 Rd7 37. Rh4 Kg5 38. Rg4+ Kf5 39. h4 Rc7 40. Rg5+ Kf6 41. Kg4 Re7 42. Rf5+ Kg6 43. h5+ Kg7 44. Kg5 Rd7 45. h6+ Kh7 46. Rf6 Kh8 47. Kf5 Kh7 48. a4 b6 49. Kg5 Kh8 50. Kh5 Kh7 51. Rf5 Re7 52. Rg5 f6 53. Rf5 Re5 54. Kg4 Kg6 55. Rf4 f5+ 56. Kf3 Kxh6 57. Rb4 Rxd5 58. Rxb6 a5 59. Rb5 Rc5 60. Rb6 Kg5 61. Kf2 Kf4 62. Rxd6 Rc2+ 63. Kg1 Kg3 64. Rd3+ Kf4 65. Rd5 Rb2 66. Rb5 Kg3 67. Kf1 f4 68. Rxa5 f3 69. Rg5+ Kf4 70. Rb5 1/2-1/2

[Event "CZE Czechia-ch U14"]
[Site "Harrachov"]
[Date "2009.10.26"]
[Round "3"]
[White "Studnicka, Patrik"]
[Black "Hornicek, Pavel"]
[Result "0-1"]
[WhiteElo "1492"]
[BlackElo "1780"]
[PlyCount "70"]
[EventDate "2009.10.24"]
[EventType "swiss"]
[EventRounds "9"]
[EventCountry "CZE"]
[SourceTitle "EXT 2012"]
[Source "ChessBase"]
[SourceDate "2011.11.24"]
[SourceVersion "1"]
[SourceVersionDate "2011.11.24"]
[SourceQuality "1"]

1. e4 e5 2. Nc3 Bc5 3. Bc4 Nc6 4. Qg4 Nd4 5. Qxg7 Qf6 6. Qxf6 Nxf6 7. Bb3 Rg8 8. Kf1 d6 9. h3 Bb4 10. d3 Bd7 11. Nge2 Ne6 12. Nd5 Nxd5 13. Bxd5 c6 14. Bc4 Ke7 15. Ng3 Nc7 16. h4 d5 17. Bb3 Rg6 18. Be3 d4 19. Bc1 Rf8 20. h5 Rg4 21. a3 Bd6 22. Bd2 f5 23. exf5 Bxf5 24. Nxf5+ Rxf5 25. Re1 Ne8 26. f3 Nf6 27. h6 Rg6 28. Re2 Nh5 29. Be1 Nf4 30. Rd2 Ke8 31. Bf2 Nxg2 32. Re2 Rxf3 33. Rg1 Ne3+ 34. Ke1 Rxg1+ 35. Bxg1 Rf1+ 0-1

[Event "Ricany op-B"]
[Site "Ricany"]
[Date "2008.08.27"]
[Round "6"]
[White "Studnicka, Patrik"]
[Black "Soltysova, P."]
[Result "0-1"]
[WhiteElo "1250"]
[BlackElo "1250"]
[PlyCount "64"]
[EventDate "2008.08.23"]
[EventType "swiss"]
[EventRounds "9"]
[EventCountry "CZE"]
[SourceTitle "CBM 126 Extra"]
[Source "ChessBase"]
[SourceDate "2008.11.05"]
[SourceVersion "1"]
[SourceVersionDate "2008.11.05"]
[SourceQuality "1"]

1. e4 e5 2. Nc3 Nf6 3. f4 d6 4. h3 Be7 5. Nf3 Nc6 6. Bb5 exf4 7. d4 Bd7 8. Bxf4 0-0 9. 0-0 a6 10. Bd3 b5 11. e5 dxe5 12. Nxe5 Nxd4 13. Nxd7 Qxd7 14. Be5 Nc6 15. Bxf6 Bxf6 16. Be4 Bd4+ 17. Kh1 Rad8 18. Bf5 Qd6 19. Ne4 Qd5 20. Ng5 g6 21. c3 Bb6 22. Qxd5 Rxd5 23. Be4 Rc5 24. Rad1 Rxg5 25. Bxc6 Be3 26. Rd7 Bb6 27. Bd5 Rf5 28. Rxf5 gxf5 29. a3 Kg7 30. Bf3 Kg6 31. Kh2 Bc5 32. Rxc7 Bd6+ 0-1

[Event "Ricany op-B"]
[Site "Ricany"]
[Date "2008.08.25"]
[Round "4"]
[White "Mala, Anna"]
[Black "Studnicka, Patrik"]
[Result "1-0"]
[WhiteElo "1423"]
[BlackElo "1250"]
[PlyCount "44"]
[EventDate "2008.08.23"]
[EventType "swiss"]
[EventRounds "9"]
[EventCountry "CZE"]
[SourceTitle "CBM 126 Extra"]
[Source "ChessBase"]
[SourceDate "2008.11.05"]
[SourceVersion "1"]
[SourceVersionDate "2008.11.05"]
[SourceQuality "1"]

1. e4 e5 2. Nf3 Nc6 3. Bb5 f6 4. 0-0 Nge7 5. c3 d6 6. h3 b6 7. d4 Bb7 8. d5 Qd7 9. dxc6 Nxc6 10. Bxc6 Qxc6 11. Re1 0-0-0 12. Nbd2 h5 13. Nf1 g5 14. N3h2 d5 15. exd5 Rxd5 16. Qf3 Bh6 17. c4 Rd6 18. Qxc6 Bxc6 19. b3 Bg7 20. Ne3 Rf8 21. Nf5 Rd7 22. Nxg7 Rxg7 1-0